000
00305nam a22001457a 4500
020
_a
978-81-264-7449-3
082
_a
894.812.3
_b
RAM/S
100
_a
RAMAKRISHNAN, T.D
245
_a
SIRAJUNEESA
260
_a
THRISSUR
_b
DC BOOKS
_c
2018
300
_a
88
520
_a
NOVEL
650
_a
NOVEL
942
_c
BK
999
_c
5053
_d
5053